00789 2200241 4500001002100000005001700021008004100038035002400079040001200103082001000115084001600125090002000141100003300161245013300194260008700327300002700414504002900441650001300470700001600483850001200499990001800511990001800529INLIS00000000002389320161103154834.0  0010-111600000000147 aYOPDYOG a411.7 a411.7 Rit P aBTR 411.7 Rit P aRita Margaretha Setianingsih aPrasasti Koleksi Museum Negeri Propinsi Sumatera Utarac/ Rita Margaretha Setianingsih dan Sri Hartini ; penyunting, Sri Hartini aMedanbDinas Kebudayaan dan Pariwisata Propinsi Sumatera Utara Museum Negeric2002 aiii, 28 hlm.c; 21 cm. aBibliografi : hlm. 27-28 aPrasasti aSri Hartini aYOPDYOG a53095-PD/A.16 a53096-PD/A.16